Integer points in polyhedra /

Bibliographic Details
Main Author: Barvinok, Alexander, 1963-
Format: Book
Language:English
Published: Zurich : European Mathematical Society, 2008.
Series:Zurich lectures in advanced mathematics.
Subjects:

MARC

Tag First Indicator Second Indicator Subfields
LEADER 00000cam a22000004a 4500
001 in00002467491
005 20151110040831.0
008 081004s2008 sz a b 001 0 eng c
020 |a 9783037190524 
020 |a 3037190523 
035 |a (OCoLC)ocn261176012 
035 |a (OCoLC)261176012 
040 |a COO  |c COO  |d BTCTA  |d YDXCP  |d BWX  |d UtOrBLW 
042 |a pcc 
049 |a TXAM 
050 4 |a QA171.5  |b .B38 2008 
100 1 |a Barvinok, Alexander,  |d 1963- 
245 1 0 |a Integer points in polyhedra /  |c Alexander Barvinok. 
264 1 |a Zurich :  |b European Mathematical Society,  |c 2008. 
300 |a viii, 189 pages :  |b illustrations ;  |c 24 cm. 
336 |a text  |b txt  |2 rdacontent 
337 |a unmediated  |b n  |2 rdamedia 
338 |a volume  |b nc  |2 rdacarrier 
490 1 |a Zurich lectures in advanced mathematics 
504 |a Includes bibliographical references (pages [187]-189) and index. 
505 0 |a The algebra of polyhedra -- Linear transformations and polyhedra -- The structure of polyhedra -- Polarity -- Tangent cones : decompositions modulo polyhedra with lines -- Open polyhedra -- The exponential valuation -- Computing volumes -- Lattices, bases, and parallelepipeds -- The Minkowski convex body theorem -- Reduced basis -- Exponential sums and generating functions -- Totally unimodular polytopes -- Decomposing a 2-dimensional cone into unimodular cones via continued fractions -- Decomposing a rational cone of an arbitrary dimension into unimodular cones -- Efficient counting of integer points in rational polytopes -- The polynomial behavior of the number of integer points in polytopes -- A valuation on rational cones -- A "local" formula for the number of integer points in a polytope. 
650 0 |a Polyhedral functions. 
650 0 |a Lattice theory. 
650 0 |a Polynomials. 
830 0 |a Zurich lectures in advanced mathematics. 
938 |a Baker and Taylor  |b BTCP  |n BK0007961697 
938 |a YBP Library Services  |b YANK  |n 2888846 
938 |a Blackwell Book Service  |b BBUS  |n R3745755  |c $44.00 
945 |a PromptCat  |b 581564 
946 |a stk 
947 |a A14837411441 
994 |a 92  |b TXA 
948 |a cataloged  |b h  |d 2009/1/5  |h c  |e asalazar  |f 2:18:53 pm 
999 |a MARS 
999 f f |s af78300a-746f-30b2-9a50-9900aa551b07  |i 1890a9bb-0c96-31fc-85c6-44e8a43fea03  |t 0 
952 f f |p ric  |a Texas A&M University  |b Rellis Campus  |c Joint Library Facility  |d Remote Storage  |t 0  |e QA171.5 .B38 2008  |h Library of Congress classification  |i unmediated -- volume  |m A14837411441 
998 f f |a QA171.5 .B38 2008  |t 0  |l Remote Storage